000
00329nam a2200145Ia 4500
008
221117s9999 xx 000 0 und d
082
_b
SIN
100
_a
SINGH, SHIVRAJ
245
0
_a
FUZZY SET THEORY
250
_a
2ND
260
_b
KRISHNA PRAKASHAN, MEERUT
_c
2013
300
_a
320
650
_a
Mathematics
942
_c
BK
999
_c
214321
_d
214321